000 00485nam a2200181Ia 4500
003 GCL
008 140319s9999 xx 000 0 ara d
040 _aGCL /
_cGCL
082 0 4 _aد
_b050
100 1 _aعباس خضر
245 1 0 _aغرام الادباء ( اقرا 157 ) /
_cعباس خضر
300 _a140 ص
490 _aوثائق ونصوص
_v0
650 0 4 _aالحب فى الادب
650 0 4 _aالادباء
650 0 4 _aالادب - تاريخ
942 _2ddc
_cCF
999 _c27178
_d27178